00000000nam##2200000za#4500
0019.593608
003CaOODSP
00520241120095135
007cr |||||||||||
008150406|2006||||xxc|||||o    f|0| 0 fre|d
020 |a0-662-72364-3
022 |a1705-5814
040 |aCaOODSP|bfre
043 |an-cn---
0861 |aFo113-1/27-2006F-PDF
1101 |aCanada.|bRessources naturelles Canada. |bService canadien des forêts.
24510|aDes glaciers à la forêt : les conifères dévoilent leurs origines |h[ressource électronique]
260 |bRessources naturelles Canada. |c2006.
300 |a2p.|bcarte en couleur, photographies
4901 |aL'éclaircie du Service canadien des forêts, Centre de foresterie des Laurentides |x1705-5814|vN° 27
500 |aLe n° de catalogue (Fo113-1/27-2006F) et l'ISBN (0-662-72363-5) pour l'édition imprimée ont été incorrectement copiés dans cette édition PDF.
5203 |aPublication pour les intervenants forestiers et les gens intéressés par la foresterie qui présente, sous forme vulgarisée, les travaux et projets en cours au Centre de foresterie des Laurentides du Service canadien des forêts (SCF).
590 |a07-10|b2007-03-09
69107|aForêt|2gcpds
69107|aGéologie|2gcpds
69107|aGlacier|2gcpds
7102 |aPartenariat Innovation Forêt.
77508|tUncovering the postglacial history of conifer populations |w(CaOODSP)9.560968
7760#|tDes glaciers à la forêt : les conifères dévoilent leurs origines |w(CaOODSP)9.627293
830#0|aL'éclaircie du Service canadien des forêts, Centre de foresterie des Laurentides,|x1705-5814|vN° 27|w(CaOODSP)9.501099
85640|ahttp://publications.gc.ca|qPDF|s933 Ko|uhttps://publications.gc.ca/collections/Collection/Fo113-1-27-2006F.pdf|yN° 27